| 000 | 01047naa a22003017a 4500 | ||
|---|---|---|---|
| 001 | BR9405231 | ||
| 003 | BR-BrBNA | ||
| 005 | 20240918181238.0 | ||
| 007 | ta | ||
| 008 | 230509b bl.||||| |||| 00| 0 por d | ||
| 040 |
_aBR-BrBNA _bpor _cBiblioteca Nacional de Agricultura |
||
| 041 | _a(Pt) | ||
| 072 | _aE71 | ||
| 090 | _aE71 BR9405231 | ||
| 100 | 1 | _aMartinez, B.M. | |
| 245 | 1 | _aExportacao e mercado internacional | |
| 260 | 3 |
_aCampinas, SP (Brasil): _c1994. |
|
| 500 | _aMello, F.H. de(Coord.) Forum Cargill de debates "o futuro agricola brasileiro" Campinas, SP (Brasil): 1994. p. 107-116 (BR9405231-AM)E71 | ||
| 650 | _aMercado Internacional | ||
| 650 | _aExportacao | ||
| 650 | _aPreco | ||
| 650 | _aPolitica Comercial | ||
| 650 | _aImposto | ||
| 650 | _aTarifa | ||
| 773 | 0 |
_tForum Cargill de debates "o futuro agricola brasileiro" _aMello, F.H. de(Coord.). Fundacao Cargill, Campinas, SP (Brasil) _wE71 BR9405231 _gCampinas, SP (Brasil), 1994. p. 107-116 |
|
| 909 |
_a202404 _bLucia _c55 _dLucia Elande |
||
| 942 |
_cAM _2AGRIS |
||
| 999 |
_c324321 _d324321 |
||